BSOP header

Law, politics and society in the ancient Mediterranean world / (Record no. 48603)

MARC details
000 -LEADER
fixed length control field 01826nam a2200313Ia 4500
001 - CONTROL NUMBER
control field 27805567
003 - CONTROL NUMBER IDENTIFIER
control field OCoLC
005 - DATE AND TIME OF LATEST TRANSACTION
control field 20191025140911.0
008 - FIXED-LENGTH DATA ELEMENTS--GENERAL INFORMATION
fixed length control field 930326s1993 enk b 001 0 eng d
010 ## - LIBRARY OF CONGRESS CONTROL NUMBER
LC control number gb 93028096
020 ## - INTERNATIONAL STANDARD BOOK NUMBER
International Standard Book Number 1850753504
040 ## - CATALOGING SOURCE
Original cataloging agency IHT
Transcribing agency IHT
Modifying agency UKM
-- EXN
043 ## - GEOGRAPHIC AREA CODE
Geographic area code mm-----
049 ## - LOCAL HOLDINGS (OCLC)
Holding library EXNW
245 00 - TITLE STATEMENT
Title Law, politics and society in the ancient Mediterranean world /
Statement of responsibility, etc edited by Baruch Halpern and Deborah W. Hobson.
260 ## - PUBLICATION, DISTRIBUTION, ETC. (IMPRINT)
Place of publication, distribution, etc Sheffield, Eng. :
Name of publisher, distributor, etc Sheffield Academic Press,
Date of publication, distribution, etc 1993.
300 ## - PHYSICAL DESCRIPTION
Extent 291 p. ;
Dimensions 22 cm.
336 ## - CONTENT TYPE
Content Type Term text
337 ## - MEDIA TYPE
Media Type Term unmediated
338 ## - CARRIER TYPE
Carrier Type Term volume
504 ## - BIBLIOGRAPHY, ETC. NOTE
Bibliography, etc Includes bibliographical references and indexes.
505 00 - FORMATTED CONTENTS NOTE
Title Social problems and policies in the Ancient Near East / Reuven Yaron --
-- Some Late Bronze Age legal tablets from the British Museum / Maynard P. Maidman --
-- Role of law in early Israelite society / Robert P. Wilson --
-- Agnatic kinship in Athenian law and Athenian family practice / Virginia J. Hunter --
-- Some implications of Aristotle's conception of authority / Marguerite Deslauriers --
-- Social status and social behaviour as criteria in judicial proceedings in the late republic / Paul R. Swarney --
-- Instrumenta imperii: law and imperialism in Republican Rome / Jonathan Edmondson --
-- Impact of law on village life in Roman Egypt / Deborah W. Hobson --
-- Slavery and society in late Roman Egypt / Roger S. Bagnall --
-- Palestine and Justinian's legislation on non-Christian religions / Patrick T.R. Gray --
-- Truth or [pesat]? Issues in law and exegesis / Martin I. Lockshin.
650 #0 - SUBJECT ADDED ENTRY--TOPICAL TERM
Topical term or geographic name as entry element Law, Ancient.
651 #0 - SUBJECT ADDED ENTRY--GEOGRAPHIC NAME
Geographic name Mediterranean Region
General subdivision Civilization.
651 #0 - SUBJECT ADDED ENTRY--GEOGRAPHIC NAME
Geographic name Mediterranean Region
General subdivision Politics and government.
700 1# - ADDED ENTRY--PERSONAL NAME
Personal name Halpern, Baruch.
700 1# - ADDED ENTRY--PERSONAL NAME
Personal name Hobson, Deborah W.
Fuller form of name (Deborah Whitney)
942 ## - ADDED ENTRY ELEMENTS (KOHA)
Source of classification or shelving scheme Library of Congress Classification
Item type Books
Holdings
Withdrawn status Lost status Source of classification or shelving scheme Damaged status Not for loan Home library Current library Shelving location Date acquired Inventory number Total Checkouts Full call number Barcode Date last seen Price effective from Koha item type
    Library of Congress Classification     BSOP Library BSOP Library GC 10/25/2019 21502   DE71 L41 00021438 10/25/2019 10/25/2019 Books
BSOP

Biblical Seminary of the Philippines
  All rights Reserved
  © 2024

CONTACT INFORMATION

Biblical Seminary of the Philippines,
  77-B Karuhatan Road, Valenzuela City,
  PHILIPPINES 1441
  Phone: +632 8292-6795 / 8292-6798
  Fax : +632 8292-6675
  Email: library@bsop.edu.ph